Statistics for U.S. States Hidden in a Letter

Click here to take the quiz!

General Stats

  • This quiz has been taken 146 times
  • The average score is 8 of 9

Answer Stats

HintAnswer% Correct
Many people give a cringe or giant sigh to the sport ofGeorgia
97%
baseball. Main examples of hatred for it is that it'sMaine
95%
not as monumental as karate or hockeyAlaska
92%
games to start. Oh, I own a lot of trophies, brag, and thinkOhio
90%
but if you think baseball is boring, you're blind. I analyzeIndiana
87%
miss our impact on American culture.Missouri
87%
exercise hours over Mon to Fri. It would be hard toVermont
87%
I have a superior ego? No, I work hard for what I have andOregon
84%
games and can say that millions turn on their radio waiting forIowa
80%

Score Distribution

Percentile by Number Answered

Percent of People with Each Score

Your Score History

You have not taken this quiz